00546nam a2200193Ia 450000500170000000800410001702000220005804100080008008200150008810000130010324500820011625000120019826000460021030000210025644000060027750000280028365000280031170000130033920251121223209.0230125s9999 xx 000 0 und d a978-81-8495-836-2 aeng a158.1bKHA aKhatri M aThe Law Of Attraction : Master The Universal Energy To Unleash Your Potential a8th Ed. c2019bJaico Publishing HouseaNavi Mumbai a216pcPaper Back v1 aPersonality Development aPersonality Development aKhatri M